Pokédex en images : Let's Go, Pikachu et Let's Go, Évoli - Statistiques

Statistiques générales
  • Ce quiz a été pris 21 fois
  • Le résultat moyen est 143 sur 153
Statistiques - réponses
Par images Réponse % Correct
Abra
100%
Alakazam
100%
Arcanin
100%
Aspicot
100%
Bulbizarre
100%
Canarticho
100%
Carabaffe
100%
Carapuce
100%
Chenipan
100%
Doduo
100%
Dracaufeu
100%
Draco
100%
Ectoplasma
100%
Feunard
100%
Florizarre
100%
Goupix
100%
Gravalanch
100%
Grotadmorv
100%
Herbizarre
100%
Kadabra
100%
Machoc
100%
Machopeur
100%
Magnéti
100%
Mélodelfe
100%
Mélofée
100%
Miaouss
100%
Mystherbe
100%
Nidoking
100%
Nidoqueen
100%
Nidoran♀
100%
Nidoran♂
100%
Nidorina
100%
Nidorino
100%
Nosferapti
100%
Onix
100%
Osselait
100%
Papilusion
100%
Persian
100%
Piafabec
100%
Pikachu
100%
Ponyta
100%
Ptitard
100%
Raichu
100%
Ramoloss
100%
Rattata
100%
Rattatac
100%
Reptincel
100%
Rondoudou
100%
Roucarnage
100%
Roucoups
100%
Salamèche
100%
Smogo
100%
Tadmorv
100%
Tentacool
100%
Tentacruel
100%
Tortank
100%
Abo
95%
Akwakwak
95%
Aquali
95%
Arbok
95%
Caninos
95%
Colossinge
95%
Dodrio
95%
Dracolosse
95%
Électrode
95%
Évoli
95%
Excelangue
95%
Férosinge
95%
Flagadoss
95%
Galopa
95%
Grolem
95%
Hypnomade
95%
Insécateur
95%
Kabuto
95%
Kabutops
95%
Kicklee
95%
Leveinard
95%
Lippoutou
95%
Magicarpe
95%
Magmar
95%
Métamorph
95%
Mew
95%
Mewtwo
95%
Minidraco
95%
M.Mime
95%
Noeunoeuf
95%
Ossatueur
95%
Paras
95%
Poissirène
95%
Porygon
95%
Ptéra
95%
Pyroli
95%
Racaillou
95%
Ronflex
95%
Sabelette
95%
Smogogo
95%
Spectrum
95%
Stari
95%
Sulfura
95%
Taupiqueur
95%
Tygnon
95%
Amonistar
89%
Artikodin
89%
Chrysacier
89%
Coconfort
89%
Élektek
89%
Fantominus
89%
Grodoudou
89%
Kangourex
89%
Krabby
89%
Lamantine
89%
Léviator
89%
Magnéton
89%
Noadkoko
89%
Ortide
89%
Parasect
89%
Psykokwak
89%
Roucool
89%
Sablaireau
89%
Scarabrute
89%
Staross
89%
Tauros
89%
Voltali
89%
Amonita
84%
Boustiflor
84%
Chétiflor
84%
Crustabri
84%
Dardargnan
84%
Empiflor
84%
Hypocéan
84%
Hypotrempe
84%
Krabboss
84%
Lokhlass
84%
Nosferalto
84%
Otaria
84%
Rafflesia
84%
Rhinoféros
84%
Têtarte
84%
Voltorbe
84%
Kokiyas
79%
Mackogneur
79%
Mimitoss
79%
Poissoroy
79%
Rapasdepic
79%
Rhinocorne
79%
Saquedeneu
79%
Soporifik
79%
Tartard
79%
Triopikeur
79%
Aéromite
74%
Électhor
74%
Meltan
74%
Melmetal
68%
Aucun quiz correspondant
Distribution des résultats
% des personnes avec chaque résultat
Percentile par nombre de réponses
Votre historique - résultats
Vous n’avez pas pris ce quiz